| 000 | 00435nam a2200157Ia 4500 | ||
|---|---|---|---|
| 008 | 240729s9999 xx 000 0 und d | ||
| 022 | _a2666-4909 | ||
| 245 | 4 | _aThe Pan-American Journal of Ophthalmology | |
| 260 | _aIndia | ||
| 260 | _bWolters Kluwer Medknow Publications | ||
| 650 | _a Ophthalmology | ||
| 650 | _aMedicine | ||
| 856 | _uhttps://doaj.org/toc/cb789a7af3204ddf81b5e00eebab63fb | ||
| 942 | _2ddc | ||
| 942 | _cDOAJEJ | ||
| 999 |
_c70058 _d70058 |
||
| 945 |
_a1 _bMadushi Gamage _c1 _dMadushi Gamage |
||